| 000 | 00504nam a22001697a 4500 | ||
|---|---|---|---|
| 003 | BD-DhUL | ||
| 005 | 20210908100436.0 | ||
| 008 | 181226s1967 bg ||||| |||| 00| 0 urd d | ||
| 040 |
_aBD-DhUL _cBD-DhUL |
||
| 082 |
_a891.431 _bSHR |
||
| 100 | 0 |
_aشاھین غازی پوری _d |
|
| 245 | 1 | 0 |
_aرگ ساز / _cشاھین غازی پوری _b |
| 260 |
_aڈھاکہ : _bپاک کتاب گعر، _c۔۱۹۶۷ |
||
| 300 |
_aص۔ ۱۹۴ ؛ _c۱۸ سم۔ |
||
| 650 | 4 | _aUrdu poetry | |
| 942 |
_2ddc _cBK |
||
| 999 |
_c245503 _d245503 |
||